Základné metódy odhadu pravdepodobnosti krachu poisťovne

Gespeichert in:
Bibliographische Detailangaben
1. Verfasser: Horáková, Galina
Format: Buchkapitel
Sprache:Slowakisch
Schlagworte:
Tags: Tag hinzufügen
Keine Tags, Fügen Sie das erste Tag hinzu!

MARC

LEADER 00000naa$a2200000$$$4500
001 0078971
005 20240502071914.5
041 0 |a slo 
044 |a SK 
245 1 0 |a Základné metódy odhadu pravdepodobnosti krachu poisťovne  |c Galina Horáková 
500 |a Abstrakt 
610 2 0 |a poisťovne 
610 2 0 |a poistenie 
610 2 0 |a riadenie rizík 
610 2 0 |a riziko poistné 
610 2 0 |a škody 
610 2 0 |a úpadok podniku 
610 2 0 |a pravdepodobnosť 
100 1 |a Horáková, Galina